000 00951nam a2200289 i 4500
003 EG-GICUC
005 20260430213604.0
008 260430s1908 -uk |||fr|||| 00| 0 eng d
040 _aEG-GiCUC
_beng
_cEG-GiCUC
_dEG-GiCUC
_erda
082 0 4 _221
_a343.83
_bAT . L
092 0 4 _221
099 _aLaw1 10 343.83 AT . L 1908
100 1 _aAtkinson, Stanley B
_eAuthor.
245 1 4 _aThe Law in General Practice :
_bSome Chapters in Every-day Forensic Medicine /
_cBy Stanley B. Atkinson.
264 1 _aLondon :
_bHenry Frowde,
_bHodder & Stoughton,
_c1908.
300 _aViii, 248 pages;
_c24 cm.
336 _2rda content
_atext
337 _2rda media
_aComputer
338 _2rda carrier
_aOnline Resource
546 _aText in English
650 1 _aForensic Medicine
_2qrmak
650 1 _aCriminal Law
_2qrmak
651 1 _2qrmak
856 4 0 _uhttps://fll.law.cu.edu.eg/fulltext/bks/B10-11133.pdf
905 _a54
942 _2ddc
_cBK
_e21
_n0
999 _c74601
_d74601